000 01571cam a22003614a 4500
001 12280514
003 OSt
005 20240627112127.0
008 010117s2001 enkab b 001 0 eng
010 _a 2001017626
020 _a1856499758 (cased)
020 _a1856499766 (limp)
040 _cmust
042 _apcc
050 0 0 _aHV553
_b.E93 2001
082 0 0 _a337 EVA 2001
_221
245 0 0 _aEvaluating International Humanitarian Action:
_breflection from practitioners /
_cedited by Adrian Wood, Raymond Apthorpe and John Borton.
260 _aLondon ;
_aNew York :
_bZed Books,
_cc2001.
300 _axxi, 222 p. :
_bill., maps ;
_c22 cm.
504 _aIncludes bibliographical references (p. [212]-216) and index.
650 0 _aDisaster relief
_xEvaluation.
_918219
650 0 _aHumanitarian assistance
_xEvaluation.
_918220
650 0 _aEvaluation research (Social action programs)
_97446
700 1 _aWood, Adrian P.
_918221
700 1 _aApthorpe, Raymond J.
_918222
700 1 _aBorton, John,
_d1955-
_918223
856 4 2 _3Contributor biographical information
_uhttp://www.loc.gov/catdir/bios/hol059/2001017626.html
856 4 2 _3Publisher description
_uhttp://www.loc.gov/catdir/description/hol051/2001017626.html
856 4 1 _3Table of contents
_uhttp://www.loc.gov/catdir/toc/hol051/2001017626.html
906 _a7
_bcbc
_corignew
_d1
_eocip
_f19
_gy-gencatlg
942 _2ddc
_cO_SHELF
999 _c8983
_d8983